| 000 | 02515cam a22004934i 4500 | ||
|---|---|---|---|
| 003 | PE-LiUPU | ||
| 005 | 20250731173324.0 | ||
| 008 | 150625s r 000 0 d | ||
| 020 | _a8479146575 | ||
| 035 | _a(Sirsi) i9788479146573 | ||
| 040 |
_aPE-LiUPU _bspa _cPE-LiUPU _erda |
||
| 049 | _aPRUA | ||
| 082 | 0 | 4 |
_a282.3 _bB41 _221 |
| 100 | 1 |
_aBestard Comas, Joan, _eautor. |
|
| 245 | 1 | 0 |
_aGlobalización, tercer mundo y solidaridad : _bestudio comparativo entre los informes del programa de las Naciones Unidas para el Desarrollo y los documentos de la Doctrina Social de la Iglesia / _cJoan Bestard Comas. |
| 264 | 1 |
_aMadrid : _bBiblioteca de Autores Cristianos, _c2003. |
|
| 300 |
_a284 páginas ; _c21 centímetros |
||
| 336 |
_atext _2rdacontent |
||
| 337 |
_aunmediated _2rdamedia |
||
| 338 |
_avolume _2rdacarrier |
||
| 490 | 0 |
_aEstudios y ensayos ; _v44. Pastoral |
|
| 505 | 0 | _aLa globalización y su incidencia en el desarrollo humano de los países pobres. -El fenómeno de la globalización. -La incidencia de la globalización en el desarrollo humano de los países pobres. -Presentación de los once informes sobre desarrollo humano del PNUD. -Valoración de los informes del PNUD. -Presentación de la doctrina social de la iglesia (DSI) sobre el desarrollo y la globalización. -Valoración de la doctrina social de la iglesia (DSI) sobre el desarrollo y la globalización. -Estudio comparativo entre la visión y la "filosofía" del desarrollo de los informes del PNUD y las que se derivan de los documentos de la DSI. | |
| 526 | _aSEG42 | ||
| 526 | _aSEG41 | ||
| 526 | _aSEG40 | ||
| 526 | _aSEG39 | ||
| 526 | _aP94 | ||
| 526 | _aP87 | ||
| 526 | _aP86 | ||
| 526 | _aP85 | ||
| 526 | _aP77 | ||
| 526 | _aP76 | ||
| 526 | _aP35 | ||
| 541 | _g006-0034650; | ||
| 650 | 0 | 4 |
_aDesarrollo económico y social _zPaíses en desarrollo. |
| 650 | 0 | 4 | _aGlobalización. |
| 650 | 0 | 4 |
_aIglesia Católica _xDoctrina social. |
| 650 | 0 | 4 | _aPrograma de las Naciones Unidas para el Desarrollo. |
| 942 |
_2ddc _cBOOK |
||
| 949 |
_a282.3 B41 _wDEWEY _c1 _i57819 _lCCODEBUL1 _mBUL _p22.00 _r0 _sY _tBOOK _u2015-6-25 _xTEOLOGIA _zUNKNOWN _0COMPRA _o.STAFF. Colección General |
||
| 994 |
_aC0 _bPEPRU |
||
| 596 | _a1 | ||
| 999 |
_a282.3 B41 _wDEWEY _c46817 _i57819 _d46817 _e2018-4-8 _f2021-11-11 _g6 _lCCODEBUL1 _mBUL _n2 _p22.00 _r0 _sY _tBOOK _u2015-6-25 _xTEOLOGIA _zUNKNOWN _0COMPRA _o.STAFF. Colección General |
||
| 980 |
_81 _gALBERTO SANCHEZ Responsable de Automatización |
||